| 000 | 01094nmc a2200361 a 4500 | ||
|---|---|---|---|
| 003 | AR-BaBNM | ||
| 005 | 20251128204922.0 | ||
| 008 | 176019s1986 ||||||||||||||000 | spa|| | ||
| 040 | _cAR-BaBNM | ||
| 100 | 1 |
_aArgachá, Celomar José _d1939- |
|
| 245 | 1 | 0 |
_aUn educador de la generación del 80 _bJosé Benjamín Zubiaur |
| 260 |
_aConcepción del Uruguay _bEdiciones El Mirador _c1986 |
||
| 300 | 0 | _a136 p. | |
| 490 | 0 | _aCésar Blas Pérez Colman. Historia | |
| 500 | 0 | _aCitas y notas p. 131-136 | |
| 600 | 1 | 4 |
_aZubiaur, José Benjamín _d1856-1932 |
| 610 | 2 | 4 | _aColegio del Uruguay Justo José de Urquiza |
| 610 | 2 | 4 | _aLa Fraternidad |
| 650 | 4 | _aHISTORIA DE LA EDUCACION | |
| 650 | 4 | _aGENERACION DE 1880 | |
| 650 | 4 | _aBIOGRAFIAS | |
| 650 | 4 | _aEDUCACION MILITAR | |
| 650 | 4 | _aESCUELAS MIXTAS | |
| 650 | 4 | _aPLANES EDUCACIONALES | |
| 650 | 4 | _aPROGRAMAS DE ESTUDIOS | |
| 650 | 4 | _aHUELGAS DE DOCENTES | |
| 650 | 4 | _aPOLITICA EDUCATIVA | |
| 651 | 4 | _aArgentina | |
| 653 | 0 | _aPEDAGOGOS | |
| 700 | 1 |
_aGiqueaux, Eduardo Julio _eprologuista |
|
| 942 | _cBK | ||
| 998 | _cCarmen | ||
| 999 |
_c9329 _d9329 |
||